Every NFC Championship Winner’s Score - Statistics

General Stats
  • This quiz has been taken 17 times
  • The average score is 53 of 55
Answer Stats
Season and Team Score % Correct
Dallas Cowboys, 1971 14
100%
Minnesota Vikings, 1974 14
100%
Carolina Panthers, 2003 14
100%
Philadelphia Eagles, 1980 20
100%
New York Giants, 2011 20
100%
Los Angeles Rams, 2021 20
100%
Green Bay Packers, 2010 21
100%
Dallas Cowboys, 1977 23
100%
San Francisco 49ers, 1984 23
100%
Green Bay Packers, 1997 23
100%
New York Giants, 2007 23
100%
Seattle Seahawks, 2013 23
100%
Minnesota Vikings, 1976 24
100%
Washington Redskins, 1983 24
100%
Chicago Bears, 1985 24
100%
Minnesota Vikings, 1973 27
100%
Tampa Bay Buccaneers, 2002 27
100%
Philadelphia Eagles, 2004 27
100%
Dallas Cowboys, 1978 28
100%
San Francisco 49ers, 1981 28
100%
San Francisco 49ers, 1988 28
100%
San Francisco 49ers, 2012 28
100%
Seattle Seahawks, 2014 28
100%
Washington Redskins, 1982 31
100%
New Orleans Saints, 2009 31
100%
Tampa Bay Buccaneers, 2020 31
100%
Philadelphia Eagles, 2022 31
100%
Arizona Cardinals, 2008 32
100%
Seattle Seahawks, 2005 34
100%
San Francisco 49ers, 2023 34
100%
Washington Redskins, 1991 41
100%
New York Giants, 2000 41
100%
Atlanta Falcons, 2016 44
100%
Philadelphia Eagles, 2024 55
100%
St. Louis Rams, 1999 11
92%
Dallas Cowboys, 1970 17
92%
New York Giants, 1986 17
92%
Washington Redskins, 1987 17
92%
San Francisco 49ers, 1989 30
92%
Dallas Cowboys, 1992 30
92%
Green Bay Packers, 1996 30
92%
Atlanta Falcons, 1998 30
92%
Dallas Cowboys, 1975 37
92%
San Francisco 49ers, 2019 37
92%
Dallas Cowboys, 1993 38
92%
San Francisco 49ers, 1994 38
92%
Dallas Cowboys, 1995 38
92%
Philadelphia Eagles, 2017 38
92%
Chicago Bears, 2006 39
92%
Carolina Panthers, 2015 49
92%
Los Angeles Rams, 1979 9
92%
New York Giants, 1990 15
85%
Washington Redskins, 1972 26
85%
Los Angeles Rams, 2018 26
85%
St. Louis Rams, 2001 29
85%
No matching quizzes found
Score Distribution
Percent of People with Each Score
Percentile by Number Answered
Your Score History
You have not taken this quiz